Online
Catalog

Enciclopedia McGraw-Hill de ciencia y tecnología / (Record no. 3537)

MARC details
000 -CABECERA
campo de control de longitud fija 00933nam a2200277 a 4500
001 - NÚMERO DE CONTROL
campo de control 000003715
003 - IDENTIFICADOR DEL NÚMERO DE CONTROL
campo de control DO-SdBNP
005 - FECHA Y HORA DE LA ÚLTIMA TRANSACCIÓN
campo de control 20220721093538.0
007 - CAMPO FIJO DE DESCRIPCIÓN FÍSICA--INFORMACIÓN GENERAL
campo de control de longitud fija ta
008 - DATOS DE LONGITUD FIJA--INFORMACIÓN GENERAL
campo de control de longitud fija 090713s1998 mx acd 000 0 spa d
020 ## - NÚMERO INTERNACIONAL ESTÁNDAR DEL LIBRO
Número Internacional Estándar del Libro 9701017528
040 ## - FUENTE DE LA CATALOGACIÓN
Centro catalogador/agencia de origen DO-SdBNP
Lengua de catalogación spa
Centro/agencia transcriptor BNPHU
049 ## - FONDOS LOCALES (OCLC)
Fondos de biblioteca BNPD
082 #4 - NÚMERO DE LA CLASIFICACIÓN DECIMAL DEWEY
Número de clasificación R 603
Número de documento/Ítem E56m, 1998
Número de edición 22
240 10 - TÍTULO UNIFORME
Título uniforme McGraw-Hill concise encyclopedia of science & technology
Lenguaje de la obra español
245 00 - MENCIÓN DE TÍTULO
Título Enciclopedia McGraw-Hill de ciencia y tecnología /
Mención de responsabilidad, etc. jefe de redacción Sybil P. Parker.
250 ## - MENCIÓN DE EDICIÓN
Mención de edición 3a ed. en español
260 ## - PUBLICACIÓN, DISTRIBUCIÓN, ETC.
Lugar de publicación, distribución, etc. México, D.F. :
Nombre del editor, distribuidor, etc. McGraw-Hill,
Fecha de publicación, distribución, etc. 1998.
300 ## - DESCRIPCIÓN FÍSICA
Extensión 6 v. :
Otras características físicas il., retr.+
Material acompañante/anejo cd-rom
Dimensiones 29 cm.
500 ## - NOTA GENERAL
Nota general Traducido del inglés
650 #4 - PUNTO DE ACCESO ADICIONAL DE MATERIA--TÉRMINO DE MATERIA
Término de materia o nombre geográfico como elemento de entrada Ciencia
Subdivisión de forma Diccionarios y enciclopedias
9 (RLIN) 11325
650 #4 - PUNTO DE ACCESO ADICIONAL DE MATERIA--TÉRMINO DE MATERIA
Término de materia o nombre geográfico como elemento de entrada Tecnología
Subdivisión general Diccionarios y enciclopedias
9 (RLIN) 11326
700 1# - PUNTO DE ACCESO ADICIONAL--NOMBRE DE PERSONA
Nombre de persona Parker, Sybil P.,
Término indicativo de función/relación ed.
9 (RLIN) 11327
910 ## - DATOS DE OPCIÓN DEL USUARIO (OCLC)
Datos de opción del usuario Validado. Control de calidad MMOLINA
942 ## - ELEMENTOS DE PUNTO DE ACCESO ADICIONAL (KOHA)
Fuente del sistema de clasificación o colocación Dewey Decimal Classification
Tipo de ítem Koha Libro
Holdings
Estado de retiro Estado de pérdida Fuente del sistema de clasificación o colocación Restricciones de uso No para préstamo Código de colección Localización permanente Ubicación/localización actual Ubicación en estantería Fecha de adquisición Signatura topográfica completa Código de barras Fecha visto por última vez Número de copia Precio válido a partir de Tipo de ítem Koha
    Dewey Decimal Classification Excluido de préstamo   Referencia General Biblioteca Nacional Pedro Henríquez Ureña Biblioteca Nacional Pedro Henríquez Ureña Depósito 13.07.2009 BNPHU R PD 603 E56m, 1998 3715-10 25.06.2020 v.1 25.06.2020 Libro
    Dewey Decimal Classification Excluido de préstamo   Referencia General Biblioteca Nacional Pedro Henríquez Ureña Biblioteca Nacional Pedro Henríquez Ureña Depósito 30.07.2009 BNPHU R PD 603 E56m, 1998 3715-20 25.06.2020 v.2 25.06.2020 Libro
    Dewey Decimal Classification Excluido de préstamo   Referencia General Biblioteca Nacional Pedro Henríquez Ureña Biblioteca Nacional Pedro Henríquez Ureña Depósito 30.07.2009 BNPHU R PD 603 E56m, 1998 3715-30 25.06.2020 v.3 25.06.2020 Libro
    Dewey Decimal Classification Excluido de préstamo   Referencia General Biblioteca Nacional Pedro Henríquez Ureña Biblioteca Nacional Pedro Henríquez Ureña Depósito 30.07.2009 BNPHU R PD 603 E56m, 1998 3715-40 25.06.2020 v.4 25.06.2020 Libro
    Dewey Decimal Classification Excluido de préstamo   Referencia General Biblioteca Nacional Pedro Henríquez Ureña Biblioteca Nacional Pedro Henríquez Ureña Depósito 30.07.2009 BNPHU R PD 603 E56m, 1998 3715-60 25.06.2020 v.6 25.06.2020 Libro
    Dewey Decimal Classification Excluido de préstamo   Referencia General Biblioteca Nacional Pedro Henríquez Ureña Biblioteca Nacional Pedro Henríquez Ureña Depósito 30.07.2009 BNPHU R PD 603 E56m,1998 3715-50 25.06.2020 v.5 25.06.2020 Libro

Powered by Koha